Gasellit - "Imus" - sanat - Statistics

Yleistilastot
  • Tätä visaa on pelattu 61 kertaa
  • Keskiarvotulos 348 / 499
Vastaustilastot
Vastaus % Oikein
imus
96%
oo
96%
94%
94%
oon
94%
87%
ei
85%
mukaa
83%
pyydä
83%
Ja
81%
ja
81%
on
81%
vaa
79%
vähä
79%
ai
77%
luotta
75%
luottaa
75%
en
74%
iha
74%
nyt
74%
voit
74%
ihan
72%
vitus
72%
kii
70%
hei
68%
mitä
68%
totta
68%
no
66%
siivoo
66%
tenttiviikko
66%
ehtii
64%
ens
64%
ku
64%
Ku
64%
viel
64%
aika
62%
viikko
62%
kiitos
60%
lähen
60%
nii
60%
tiedät
60%
heti
58%
meil
58%
mun
58%
myös
58%
aikaa
57%
hyppään
57%
kyl
57%
lähenkö
57%
ollu
57%
sit
57%
tehä
57%
pitäs
55%
Tiesin
55%
aina
53%
idiootti
53%
jäykkä
53%
jos
53%
menossa
53%
ovi
53%
voidaan
53%
jörö
51%
kato
51%
meni
51%
mut
51%
niin
51%
painaa
51%
saa
51%
sää
51%
se
51%
tänää
51%
tukossa
51%
giljotiini
49%
millää
49%
nähä
49%
ois
49%
satulaa
49%
sitä
49%
tai
49%
tulin
49%
höpsökkä
47%
siis
47%
tähä
47%
toimitaan
47%
Vastahakone
47%
vielä
47%
enne
45%
ensi
45%
erilaine
45%
flunssa
45%
jättäytyny
45%
natsaa
45%
nykyää
45%
olin
45%
samantien
45%
Samantien
45%
tajuut
45%
benji
43%
edest
43%
kaukaa
43%
kieltäytyny
43%
Kyynaama
43%
nastaa
43%
nenän
43%
pois
43%
pyydät
43%
safkaa
43%
veti
43%
woltittaa
43%
asia
42%
että
42%
haetaan
42%
hovikuski
42%
ihanne
42%
mietin
42%
mietitää
42%
mikää
42%
Onha
42%
pääl
42%
paareil
42%
tilanne
42%
toiste
42%
yhteinen
42%
gootti
40%
haaveita
40%
jätetä
40%
kaverii
40%
kylhä
40%
liikuntakyvyttömät
40%
mielen
40%
mustaks
40%
synkin
40%
tarvetta
40%
tilaisuuksii
40%
tuol
40%
voisin
40%
eikä
38%
nimi
38%
olla
38%
siellä
38%
vaikka
38%
duunis
36%
kätellä
36%
katellu
36%
niiku
36%
jatkos
34%
juttuha
34%
kapulakieltä
34%
katua
34%
listalla
34%
vieläki
34%
elättelet
32%
harkitse
32%
kääntää
32%
meinaat
32%
mitää
32%
pelaan
32%
poliitikon
32%
ryhmäviestil
32%
sanaton
32%
satulaan
32%
sopimus
32%
takkia
32%
johonki
30%
puhetta
30%
tartun
30%
vääntää
30%
säätää
28%
takia
28%
yöhyvinvointi
28%
muiden
26%
noiden
26%
selitykset
26%
Tule
26%
vakuuta
26%
vatsasta
26%
ketä
25%
rugbyy
25%
saatan
25%
uutta
25%
lätiset
23%
Kadottanu
21%
takulla
21%
vaaleil
21%
vaiheilun
21%
valita
21%
haaleita
19%
latteit
19%
höpöttelet
15%
sovituksii
13%
ettei
11%
tulet
6%
tomineeks
2%
Ehtoja vastaavia visoja ei löytynyt
Tulosjakauma
Jokaisen tuloksen saaneiden osuus
Persentiili vastausten määrän mukaan
Tuloshistoriasi
Et ole pelannut tätä visaa